Frei - Barbie: Prinzessin & das Dorfmädchen - Statistiken

Allgemein
  • Dieses Quiz wurde 61 mal gespielt
  • Das Durchschnittsergebnis liegt bei 108 aus 256
Antwortstatistiken
Antwort % Korrekt
ich
90%
Ich
90%
für
81%
bin
74%
Bin
74%
Frei
71%
frei
71%
du
61%
so
61%
an
58%
An
58%
da
58%
den
58%
einen
58%
mich
58%
mir
58%
und
58%
Und
58%
Tag
55%
wünsche
55%
allein
52%
es
52%
die
48%
lange
48%
Schon
48%
sei
48%
das
45%
dem
45%
in
45%
In
45%
Nicht
45%
nicht
45%
Nur
45%
nur
45%
auf
42%
mein
42%
meine
42%
sein
42%
Tu
42%
was
42%
will
42%
zu
42%
dass
39%
Dass
39%
Doch
39%
ihr
39%
ohne
39%
Ohne
39%
sagt
39%
Schuld
39%
Wenn
39%
Arbeit
35%
bleib
35%
freu
35%
Hochzeitstag
35%
keine
35%
Keine
35%
königlichen
35%
mag
35%
Nähen
35%
schlaf
35%
Stopfen
35%
wann
35%
dort
32%
heut
32%
hier
32%
Ist
32%
ist
32%
Mann
32%
niemand
32%
noch
32%
Sticken
32%
wenn's
32%
zurück
32%
allem
29%
dich
29%
entziehn
29%
ess
29%
Fantasie
29%
fliehn
29%
Geschenke
29%
Gewand
29%
Glück
29%
jeden
29%
jemand
29%
krieg
29%
Luft
29%
Magie
29%
Mit
29%
schwing
29%
sich
29%
Traum
29%
wach
29%
weiß
29%
werde
29%
abplag
26%
am
26%
auch
26%
darauf
26%
geb
26%
Gewissen
26%
hin
26%
keiner
26%
könnte
26%
lieber
26%
müsst
26%
ruft
26%
Sing
26%
um
26%
Um
26%
viel
26%
zahl
26%
Also
23%
aufwach
23%
bleibt
23%
Brauch
23%
dafür
23%
diesen
23%
eignen
23%
Fee
23%
Heute
23%
hohen
23%
Lächeln
23%
Lernen
23%
meinen
23%
nen
23%
Preis
23%
Saal
23%
Sängerin
23%
Schuldbetrag
23%
Sorgen
23%
türmt
23%
weinen
23%
welchen
23%
Willenskraft
23%
aus
19%
besitze
19%
Geld
19%
hab
19%
Hofe
19%
im
19%
Kommt
19%
lass
19%
Nichts
19%
Pflicht
19%
selbst
19%
Such
19%
verzicht
19%
ahnt
16%
Einmal
16%
erfülln
16%
glaub
16%
hält
16%
Lords
16%
mehr
16%
Sieh
16%
vorbei
16%
Welt
16%
zuhauf
16%
meinem
13%
Mut
13%
voll
13%
willst
13%
Hoffnung
10%
immer
10%
aufgeb
6%
Herz
6%
kaum
6%
Raum
6%
sinken
6%
Keine übereinstimmenden Quizze gefunden
Verteilung der Resultate
Anzahl Personen mit jedem Resultat
Perzentil nach korrekt beantworteten Fragen
Ihre Resultats-Entwicklung
Sie haben dieses Quiz noch nicht gespielt